000 00788cam a2200229 a 4500
001 000034844
005 20260119094801.0
008 000119s1966 sp b 000 0 spa
040 _aDO-SdBNP
_bspa
_cBNPHU
082 _a152.41
_bF932a
100 1 _aFromm, Erich
_951429
240 1 0 _aThe art of loving
_lespañol
245 1 4 _aEl arte de amar :
_buna investigación sobre la naturaleza del amor /
_cErich Fromm ; versión castellana Noemí Rosenblatt.
260 _aBarcelona :
_bPaidos,
_c1966.
300 _a155 p. ;
_c18 cm.
500 _aTraducido del inglés
590 _aPerteneció a la biblioteca personal de Juan Isidro Jimenes Grullón
650 0 _aAmor
_91688
700 1 2 _aNoemí Rosenblatt
_etr.
_960372
910 _aValidado. Control de calidad MFF
049 _aBNGR
999 _c34335
_d34335